000 00612nam a2200217 a 4500
005 20140310183332.0
008 060825s19uu xx 00 eng d
020 _a0471679917
050 _aRJ 505
_b.R896 2005
100 _aRubin, Judith Aron
245 _aChild art theraphy. /
_cJudith Aron rubibn
250 _a25th anniversary edition
260 _aCanada :
_bJohn Wiley & Sons, Inc,
_c2005.
300 _a422 p. :
_bill. ;
_c24 cm.
521 _aPSYCH
650 _aArt theraphy.
650 _aChild psychotheraphy.
650 _aFamily psychotheraphy.
942 _cBK
_2lcc
_kFOR
999 _c21580
_d21580